000 00514nam a22001577a 4500
003 OSt
005 20150915102703.0
008 150915b xxu||||| |||| 00| 0 eng d
040 _cRUA
082 _aAGR HEP 1999 B024 Or.1
100 _9493
_aHEP, SOVATH.
245 _aStudy on the regional adaptation of rice varieties ភាពបន្សាំនៃពូជស្រូវទៅតាមតំបន់ផ្សេងៗ
260 _aPhnom Penh
_bRUA
_c1999
300 _a61p.
_bill.
_c29cm.
942 _2ddc
_cAGR
999 _c473
_d473